|
|
|
|
| LEADER |
01696nam a2200421 i 4500 |
| 001 |
EBC5719045 |
| 003 |
MiAaPQ |
| 005 |
20200520144314.0 |
| 006 |
m o d | |
| 007 |
cr cnu|||||||| |
| 008 |
190311s2016 ne o 000 0 eng d |
| 020 |
|
|
|z 9789462984905
|
| 020 |
|
|
|a 9789048535811 (e-book)
|
| 035 |
|
|
|a (MiAaPQ)EBC5719045
|
| 035 |
|
|
|a (Au-PeEL)EBL5719045
|
| 035 |
|
|
|a (OCoLC)1048196803
|
| 040 |
|
|
|a MiAaPQ
|b eng
|e rda
|e pn
|c MiAaPQ
|d MiAaPQ
|
| 043 |
|
|
|a e-ne---
|
| 050 |
|
4 |
|a HN520.A5
|b .U733 2016
|
| 082 |
0 |
|
|a 306.094923
|2 23
|
| 245 |
0 |
0 |
|a Urban Europe :
|b fifty tales of the city /
|c Virginie Mamadouh and Anne van Wageningen (eds.).
|
| 264 |
|
1 |
|a Amsterdam :
|b Amsterdam University Press,
|c [2016]
|
| 264 |
|
4 |
|c 2016
|
| 300 |
|
|
|a 1 online resource (405 pages)
|
| 336 |
|
|
|a text
|b txt
|2 rdacontent
|
| 337 |
|
|
|a computer
|b c
|2 rdamedia
|
| 338 |
|
|
|a online resource
|b cr
|2 rdacarrier
|
| 588 |
|
|
|a Description based on print version record.
|
| 590 |
|
|
|a Electronic reproduction. Ann Arbor, MI : ProQuest, 2018. Available via World Wide Web. Access may be limited to ProQuest affiliated libraries.
|
| 650 |
|
0 |
|a Social change
|z Netherlands
|z Amsterdam.
|
| 650 |
|
0 |
|a Sociology, Urban
|z Netherlands
|z Amsterdam.
|
| 651 |
|
0 |
|a Amsterdam (Netherlands)
|x Social conditions.
|
| 655 |
|
4 |
|a Electronic books.
|
| 700 |
1 |
|
|a Mamadouh, Virginie,
|e editor.
|
| 700 |
1 |
|
|a Wageningen, Anne van,
|e editor.
|
| 776 |
0 |
8 |
|i Print version:
|t Urban Europe : fifty tales of the city.
|d Amsterdam : Amsterdam University Press, c2016
|h 145 pages
|z 9789462984905
|
| 797 |
2 |
|
|a ProQuest (Firm)
|
| 856 |
4 |
0 |
|u https://ebookcentral.proquest.com/lib/matrademy/detail.action?docID=5719045
|z Click to View
|